000 00792nam a2200241 a 4500
001 BRCA_384
005 20190320203002.0
008 120905s1988----uk-a---f##---#001-u#eng-#
020 _a0906746124
050 4 _aNK3850
_b.P65 1988
100 1 _aPollard, R. J.
_91291
245 1 0 _aThe Roman Pottery of Kent
_cby R. J. Pollard.
260 _aMaidstone, Kent
_bKent Archaeological Society
_c1988
300 _axxxviii, 247 p.
_bil., mapas
_c28 cm.
440 0 _aMonograph Series of the Kent Archaeological Society
_n5
_91292
500 _aIncluye índice analítico y lista de figuras
500 _aDonación Consejo Británico
504 _aBiliografía: (p. xv-xxxviii)
650 1 4 _aCerámica romana
_zInglaterra
_91293
650 1 4 _aRomanos
_zKent
_91294
902 _aDCB
942 _2lcc
_cB
999 _c320
_d320